01489cam a22004094i 4500003000900000005001700009008004100026035001900067040003300086082002100119100002700140245002100167250000700188264004000195300002800235336002100263337002500284338002300309505012800332526001000460526001000470526001000480526001000490526000800500526000800508526000800516526000800524526000800532526000800540526000800548942001400556949013800570596000600708999015400714980005500868952015600923PE-LiUPU20250731173202.0150625s r 000 0 d a(Sirsi) a30323 aPE-LiUPUbspacPE-LiUPUerda04a209.546bN832211 aNoss, John B.,eautor.10aMan's Religions. a4a 1aLondon :bMacmillan Company,c1963. a598 páginas ;c23 cm. atext2rdacontent aunmediated2rdamedia avolume2rdacarrier0 aPrimitive and bygone religions. -The religions of india. -The religions of thear far east. -The religions of the near east. aSEG42 aSEG41 aSEG40 aSEG39 aP94 aP87 aP86 aP85 aP77 aP76 aP35 2ddccBOOK a209.546 N83wDEWEYc1i36575lCCODEBUL1mBULp00.00r0sYtBOOKu2015-06-25xBIBLIOTECAzUNKNOWN0COMPRAo.STAFF. Colección General a1 a209.546 N83wDEWEYc37767i36575f2021-11-11g5lCCODEBUL1mBULr0sYtBOOKu2015-6-25xTEOLOGIAzUNKNOWN0COMPRAo.STAFF. Colección Generald37767 81gALBERTO SANCHEZ Responsable de Automatización r2025-12-02 00:00:00i6l0o209.546 N83p36575te1w2015-06-25xFTyBKzinventario-2023-12-13102ddc50708GENfP35aBULbBULcGENd2015-06-25eCOMPRA